Differential equations and their applications (Record no. 11050)

MARC details
000 -LEADER
fixed length control field 00484nam a2200181Ia 4500
008 - FIXED-LENGTH DATA ELEMENTS--GENERAL INFORMATION
fixed length control field 230917s9999||||xx |||||||||||||| ||und||
020 ## - ISBN
Price RS350
040 ## - CATALOGING SOURCE
-- 213773
Original cataloging agency VIVEKANANDA LIBRARY
041 ## - Language
-- English
082 ## - DDC NUMBER
Classification number 515.35 A76D(2)
100 ## - MAIN ENTRY--PERSONAL NAME
Personal name Ahsan, Zafar
245 #0 - TITLE STATEMENT
Title Differential equations and their applications
250 ## - EDITION STATEMENT
Edition statement 2nd. ed.
260 ## - PUBLICATION, DISTRIBUTION, ETC. (IMPRINT)
Place of publication, distribution, etc Delhi
Name of publisher, distributor, etc PHI Learning
Date of publication, distribution, etc 2013
300 ## - PHYSICAL DESCRIPTION
Pages xiv, 514 p.
500 ## - GENERAL NOTE
General note 62 15/01/2014 5647 03/02/2014 Mathematics (NBHM)
942 ## - ADDED ENTRY ELEMENTS (KOHA)
Koha item type Books
Holdings
Withdrawn status Lost status Damaged status Not for loan Location (home branch) Sublocation or collection (holding branch) Date acquired Koha issues (times borrowed) Koha full call number Accession No. Koha date last seen Koha item type
        VIVEKANANDA LIBRARY VIVEKANANDA LIBRARY 11/03/2014   515.35 A76D(2) 335747 17/09/2023 Books
        VIVEKANANDA LIBRARY VIVEKANANDA LIBRARY 11/03/2014   515.35 A76D(2) 335748 17/09/2023 Books
        VIVEKANANDA LIBRARY VIVEKANANDA LIBRARY 11/03/2014   515.35 A76D(2) 335749 17/09/2023 Books
        VIVEKANANDA LIBRARY VIVEKANANDA LIBRARY 11/03/2014   515.35 A76D(2) 335750 17/09/2023 Books
        VIVEKANANDA LIBRARY VIVEKANANDA LIBRARY 11/03/2014   515.35 A76D(2) 335751 17/09/2023 Books
        VIVEKANANDA LIBRARY VIVEKANANDA LIBRARY 11/03/2014 1 515.35 A76D(2) 335752 30/11/2023 Books
        VIVEKANANDA LIBRARY VIVEKANANDA LIBRARY 11/03/2014   515.35 A76D(2) 335753 17/09/2023 Books
        VIVEKANANDA LIBRARY VIVEKANANDA LIBRARY 11/03/2014   515.35 A76D(2) 335754 17/09/2023 Books
        VIVEKANANDA LIBRARY VIVEKANANDA LIBRARY 11/03/2014   515.35 A76D(2) 335755 17/09/2023 Books
        VIVEKANANDA LIBRARY VIVEKANANDA LIBRARY 11/03/2014   515.35 A76D(2) 335756 17/09/2023 Books
© Designed and Maintained by Vivekananda Library, MDU Rohtak